000 00514nam a22001817a 4500
005 20221108115531.0
008 221108b ||||| |||| 00| 0 eng d
040 _cAL
041 _aEnglish
082 _223
_a909
_bKARW
100 _aK S Karanth
_961342
245 _aWhither Modern Civilisation?whither India? a socialist Hypothesis
260 _aBombay
_bParivartan Prakashan
_c1983
300 _a24 p.
_bPB
_c21x13 cm.
650 _aCivilisation
_961343
700 _aKARANTH (K S)
_961344
942 _2ddc
_cGF
999 _c225064
_d225064